000 00790nam a22002057a 4500
999 _c10659
_d10659
003 AR-CdUCM
008 190401b ||||| |||| 00| 0 spa d
040 _aMUNICIPALIDAD PROVINCIAL DEL CUSCO
_cBIBLIOTECA MUNICIPAL DEL CUSCO
082 _a347 /
_bL22 / 1905
100 _aDe la Lama, Miguel Antonio
_927509
245 _aPerú código de comercio :
_bLey procesal de quiebras y suspensión de pagos y reglamento del registro mercantil /
260 _aLima :
_bGil,
_c1905.
300 _a622 paginas ;
_c21 cm.
505 _aContenido : Erratas notables advertidas en el tomo -- Comentarios -- Ejecutorias -- Leyes, derechos y reglamentos -- Concordancia ...
650 _aCódigo
_927510
650 _aComercio
_9322
650 _aPagos
_922378
942 _2ddc
_cLIBROS
945 _arah